000 01609cam a22002294a 4500
005 20250605163957.0
008 250528s ||||||||||||||||||||||||d
035 _a15512
020 _a256088381
040 _aGR-AtMCL
_bgre
_dGR-AtMCL
_eAACR2
245 1 _aStrategic Logistics Management / Third Edition
250 _a3rd
260 _bIrwin Mcgraw-Hill,
_c1992
300 _a872
505 0 _aLogistics' Role in the Economy and the Firm, The Integrated Logistics Management Concept, Channels of Distribution, Customer Service, Transportation, Decision Strategies in Transportation, Warehousing, Decision Strategies in Warehousing, Financial Impact of Inventory, Inventory Management, Managing Materials Flow, Purchasing, Order Processing and Information Systems, Decision Support Systems, Financial Control of Logistics Performance, Organizing for Effective Logistics, Global Logistics, The Strategic Logistics Plan, Cases.
520 _aLogistics' Role in the Economy and the Firm, The Integrated Logistics Management Concept, Channels of Distribution, Customer Service, Transportation, Decision Strategies in Transportation, Warehousing, Decision Strategies in Warehousing, Financial Impact of Inventory, Inventory Management, Managing Materials Flow, Purchasing, Order Processing and Information Systems, Decision Support Systems, Financial Control of Logistics Performance, Organizing for Effective Logistics, Global Logistics, The Strategic Logistics Plan, Cases.
700 1 _aLambert Douglas M
_91447
700 1 _aStock James R
_91448
942 _cBK
999 _c1088
_d1088